[Event "XVIII Torneo Int. "]
[Site "Navalmoral de la Mata"]
[Date "2012.12.08"]
[Round "7"]
[White "Narciso Dublan, Marc"]
[Black "Nikolov, Momchil"]
[Result "0-1"]
[WhiteElo "2551"]
[BlackElo "2542"]
[PlyCount "60"]
[EventDate "2012.12.05"]
[EventRounds "9"]
[EventCountry "ESP"]

1. d4 Nf6 2. c4 e6 3. Nc3 Bb4 4. e3 O-O 5. Nge2 d5 6. a3 Be7 7. Nf4 c6 8. Be2
Nbd7 9. O-O dxc4 10. Bxc4 e5 11. Nfe2 exd4 12. exd4 Nb6 13. Bb3 Nbd5 14. Re1
Be6 15. Bg5 Re8 16. Ng3 h6 17. Bxf6 Bxf6 18. Nh5 Nc7 19. Nxf6+ Qxf6 20. Ne4 Qe7
21. h3 Bxb3 22. Qxb3 Nd5 23. Qg3 b6 24. Kf1 Qd7 25. Nd6 Rxe1+ 26. Rxe1 Rd8 27.
Ne4 Kf8 28. Nd2 Qf5 29. Rc1 Nf4 30. Nb3 Qb5+ 0-1

[Event "XVIII Torneo Int. "]
[Site "Navalmoral de la Mata"]
[Date "2012.12.08"]
[Round "7"]
[White "Ibarra Jerez, Jose Carlos"]
[Black "Ladron De Guevara Pinto, Paolo"]
[Result "1/2-1/2"]
[WhiteElo "2535"]
[BlackElo "2338"]
[PlyCount "200"]
[EventDate "2012.12.05"]
[EventRounds "9"]
[EventCountry "ESP"]

1. e4 e6 2. d4 d5 3. Nd2 h6 4. Ngf3 dxe4 5. Nxe4 Nf6 6. Bd3 Nbd7 7. Qe2 c5 8.
Nxc5 Bxc5 9. dxc5 Nxc5 10. Bc4 a6 11. Qe5 Qe7 12. Be3 Ncd7 13. Qa5 O-O 14.
O-O-O Qd8 15. Qxd8 Rxd8 16. a4 Re8 17. a5 e5 18. Nd2 Nb8 19. Bb3 Nc6 20. Nc4
Be6 21. Nb6 Rad8 22. Rxd8 Rxd8 23. Bxe6 fxe6 24. Nc4 Rd5 25. Rd1 Kf8 26. Bb6
Ke7 27. Ne3 Rxd1+ 28. Kxd1 Kd6 29. Nc4+ Kd5 30. Ne3+ Kd6 31. b3 Nd7 32. Nc4+
Kd5 33. Ne3+ Kd6 34. Nc4+ Kd5 35. Bc7 Nf6 36. Kd2 Ne8 37. Bb6 Nf6 38. Bc7 Ne8
39. Ne3+ Kc5 40. Bb6+ Kd6 41. Nc4+ Kd5 42. Ne3+ Kd6 43. Nf1 Ne7 44. b4 Kc6 45.
Bc5 Nf5 46. c4 Nf6 47. Kd3 Nd7 48. Be3 Nd6 49. Nd2 e4+ 50. Kc3 e5 51. Ba7 g5
52. Be3 Nf6 53. h3 Nf5 54. Bb6 Kd7 55. Nf1 h5 56. Ne3 Ne7 57. g3 g4 58. hxg4
Nxg4 59. Nxg4 hxg4 60. Be3 Nf5 61. b5 Kd6 62. Bb6 Kd7 63. Be3 Kd6 64. Kb4 Nd4
65. Bh6 Ne6 66. Kc3 Kc5 67. Be3+ Kd6 68. Ba7 Kc7 69. Kd2 axb5 70. cxb5 Nd4 71.
Bb6+ Kc8 72. a6 Kb8 73. a7+ Ka8 74. Ke3 Nxb5 75. Kxe4 Nd6+ 76. Kd5 Nc8 77. Be3
Nxa7 78. Kxe5 b5 79. Kf5 b4 80. Kxg4 b3 81. Bc1 Kb7 82. Kf5 Kc6 83. Ke6 Nb5 84.
Bb2 Nd6 85. f4 Ne4 86. g4 Nf2 87. Kf5 Nd3 88. Ba1 Kd7 89. g5 Ke8 90. g6 b2 91.
Bxb2 Nxb2 92. Kg5 Kf8 93. Kh6 Kg8 94. f5 Nc4 95. f6 Nd6 96. Kg5 Ne4+ 97. Kf5
Nxf6 98. Kxf6 Kf8 99. g7+ Kg8 100. Kg5 Kxg7 1/2-1/2

[Event "XVIII Torneo Int. "]
[Site "Navalmoral de la Mata"]
[Date "2012.12.08"]
[Round "7"]
[White "Lorenzo De La Riva, Lazaro"]
[Black "Fedorchuk, Sergey A"]
[Result "0-1"]
[WhiteElo "2465"]
[BlackElo "2661"]
[PlyCount "52"]
[EventDate "2012.12.05"]
[EventRounds "9"]
[EventCountry "ESP"]

1. e4 c5 2. Nf3 e6 3. d4 cxd4 4. Nxd4 Nf6 5. Nc3 d6 6. f4 a6 7. Qf3 Qb6 8. Nb3
Qc7 9. Bd3 b5 10. g4 Bb7 11. g5 Nfd7 12. O-O g6 13. Be3 Bg7 14. a3 O-O 15. Qf2
Rc8 16. Rac1 Nc6 17. h4 b4 18. Nd1 bxa3 19. bxa3 a5 20. h5 a4 21. Nd2 d5 22.
Qh4 Nd4 23. hxg6 fxg6 24. Bxd4 Bxd4+ 25. Kh2 Nc5 26. Nf2 Rf8 {(Ilegible)} 0-1

[Event "XVIII Torneo Int. "]
[Site "Navalmoral de la Mata"]
[Date "2012.12.08"]
[Round "7"]
[White "Enchev, Ivajlo"]
[Black "Campora, Daniel H"]
[Result "1-0"]
[WhiteElo "2411"]
[BlackElo "2493"]
[PlyCount "78"]
[EventDate "2012.12.05"]
[EventRounds "9"]
[EventCountry "ESP"]

1. d4 Nf6 2. c4 c6 3. Bf4 d6 4. Nf3 Nh5 5. Bd2 g6 6. e4 Bg7 7. Be3 O-O 8. Nc3
e5 9. Be2 Nd7 10. Qd2 Qe7 11. h3 f5 12. exf5 gxf5 13. g4 e4 14. Bg5 Bf6 15.
Bxf6 Ndxf6 16. Nh4 fxg4 17. hxg4 Nxg4 18. O-O-O Rxf2 19. Rdg1 e3 20. Qd1 Qg5
21. Nf3 Qg6 22. Nh2 Rxe2 23. Qxe2 Nhf6 24. Nxg4 Bxg4 25. Qxe3 h5 26. Qf4 Nh7
27. Rxh5 Qxh5 28. Rxg4+ Kh8 29. Rh4 Qg6 30. Ne4 Rg8 31. Qf6+ Rg7 32. Qf8+ Rg8
33. Qxd6 Qg1+ 34. Kc2 Rg2+ 35. Kb3 Qe3+ 36. Nc3 Kg8 37. Re4 Qf2 38. Re8+ Nf8
39. Qe6+ Kg7 {(Ilegible)} 1-0

[Event "XVIII Torneo Int. "]
[Site "Navalmoral de la Mata"]
[Date "2012.12.08"]
[Round "7"]
[White "Santos, Antonio P"]
[Black "Del Rio De Angelis, Salvador G"]
[Result "1/2-1/2"]
[WhiteElo "2241"]
[BlackElo "2485"]
[PlyCount "71"]
[EventDate "2012.12.05"]
[EventRounds "9"]
[EventCountry "ESP"]

1. d4 e6 2. c4 f5 3. Nf3 Nf6 4. g3 d5 5. Bg2 c6 6. O-O Bd6 7. Bf4 Bxf4 8. gxf4
O-O 9. Qc2 Ne4 10. Nbd2 Bd7 11. Ne5 Be8 12. e3 Bh5 13. Nxe4 fxe4 14. f3 exf3
15. Bxf3 Bxf3 16. Rxf3 Nd7 17. Nxd7 Qxd7 18. c5 Qf7 19. Rg3 Qf5 20. Rc1 Qxc2
21. Rxc2 Rfc8 22. Kf2 b5 23. Kf3 a5 24. Rcg2 Ra7 25. Rg5 Rf8 26. Re5 Rf6 27.
Rgg5 h6 28. Rg2 Kf7 29. h4 Rd7 30. Rg1 Re7 31. h5 Re8 32. b3 Re7 33. a3 Re8 34.
Rg2 Re7 35. Rg1 Re8 36. Rg2 1/2-1/2

[Event "XVIII Torneo Int. "]
[Site "Navalmoral de la Mata"]
[Date "2012.12.08"]
[Round "7"]
[White "Rodriguez Garcia, Manuel Fco"]
[Black "Anton Guijarro, David"]
[Result "0-1"]
[WhiteElo "2144"]
[BlackElo "2558"]
[PlyCount "60"]
[EventDate "2012.12.05"]
[EventRounds "9"]
[EventCountry "ESP"]

1. d4 Nf6 2. c4 e6 3. Nc3 Bb4 4. f3 O-O 5. a3 Bxc3+ 6. bxc3 d5 7. e3 b6 8. cxd5
exd5 9. Bd3 c5 10. Ne2 Ba6 11. O-O Re8 12. Ng3 Bxd3 13. Qxd3 Nc6 14. Ra2 Re6
15. Re2 h5 16. Nh1 a5 17. Nf2 Rb8 18. Rd1 c4 19. Qc2 b5 20. e4 b4 21. e5 b3 22.
Qb1 Ne7 23. Nh3 Nh7 24. Bg5 Nxg5 25. Nxg5 Rg6 26. f4 Qd7 27. Nxf7 Qg4 28. Rf2
Kxf7 29. f5 Rg5 30. f6 Ng6 0-1

[Event "XVIII Torneo Int. "]
[Site "Navalmoral de la Mata"]
[Date "2012.12.08"]
[Round "7"]
[White "Moreno Tejera, Emilio"]
[Black "Asis Gargatagli, Hipolito"]
[Result "1-0"]
[WhiteElo "2386"]
[BlackElo "2462"]
[PlyCount "92"]
[EventDate "2012.12.05"]
[EventRounds "9"]
[EventCountry "ESP"]

1. e4 c5 2. Nf3 d6 3. d4 cxd4 4. Nxd4 Nf6 5. Nc3 g6 6. Be3 Bg7 7. f3 O-O 8. Qd2
Nc6 9. Bc4 Bd7 10. O-O-O Rc8 11. Bb3 Nxd4 12. Bxd4 b5 13. Nd5 Nxd5 14. Bxg7
Kxg7 15. exd5 a5 16. a3 Kg8 17. Rhe1 Rc5 18. g4 b4 19. axb4 axb4 20. Qxb4 Qa8
21. Qd4 Rb8 22. Rd3 Qa1+ 23. Kd2 Qa5+ 24. Kd1 Rb4 25. Qe3 Ba4 26. Bxa4 Rxa4 27.
c3 Ra2 28. Rd2 Rxd5 29. Rxd5 Qxd5+ 30. Kc2 Qb5 31. Rb1 e6 32. h4 Qa4+ 33. Kc1
Qb3 34. Qd3 Ra5 35. Qd1 Qc4 36. Kc2 Rd5 37. Qf1 Qa4+ 38. Kc1 h5 39. Qe2 hxg4
40. fxg4 Re5 41. Qd1 Qf4+ 42. Kc2 Qf2+ 43. Kb3 Rd5 44. Qf1 Qxh4 45. Qf3 Rb5+
46. Ka4 Qg5 1-0

[Event "XVIII Torneo Int. "]
[Site "Navalmoral de la Mata"]
[Date "2012.12.09"]
[Round "8"]
[White "Nikolov, Momchil"]
[Black "Enchev, Ivajlo"]
[Result "1-0"]
[WhiteElo "2542"]
[BlackElo "2411"]
[PlyCount "101"]
[EventDate "2012.12.05"]
[EventRounds "9"]
[EventCountry "ESP"]

1. c4 c6 2. d4 d5 3. Nf3 Nf6 4. Nc3 e6 5. Bg5 Be7 6. e3 O-O 7. Qc2 Nbd7 8. cxd5
Nxd5 9. Bxe7 Qxe7 10. Bc4 Nxc3 11. bxc3 c5 12. O-O b6 13. Bd3 h6 14. a4 Bb7 15.
Bh7+ Kh8 16. Be4 Bxe4 17. Qxe4 Qd6 18. Rfb1 Rac8 19. a5 Rc6 20. axb6 axb6 21.
Ra7 cxd4 22. Rxd7 Qxd7 23. Ne5 Qd6 24. Nxc6 f5 25. Qf3 dxc3 26. Nd4 e5 27. Qc6
Rd8 28. Qxd6 Rxd6 29. Nc2 b5 30. Rc1 Rd2 31. Kf1 e4 32. Ke1 g6 33. Nd4 b4 34.
Rc2 Rd3 35. Ra2 f4 36. Ra8+ Kh7 37. Rb8 fxe3 38. fxe3 Rxe3+ 39. Kf2 Rd3 40.
Rb7+ Kg8 41. Ne2 c2 42. Rxb4 Rc3 43. Nc1 e3+ 44. Ke2 Kf7 45. Rb3 Rxb3 46. Nxb3
Kf6 47. Kxe3 Ke5 48. Kd3 Kf4 49. Nc1 h5 50. Ne2+ Ke5 51. Kxc2 1-0

[Event "XVIII Torneo Int. "]
[Site "Navalmoral de la Mata"]
[Date "2012.12.09"]
[Round "8"]
[White "Ladron De Guevara Pinto, Paolo"]
[Black "Peralta, Fernando"]
[Result "0-1"]
[WhiteElo "2338"]
[BlackElo "2612"]
[PlyCount "78"]
[EventDate "2012.12.05"]
[EventRounds "9"]
[EventCountry "ESP"]

1. e4 d6 2. d4 Nf6 3. Nc3 g6 4. f4 Bg7 5. Nf3 O-O 6. Bd3 Na6 7. O-O c5 8. d5
Bg4 9. h3 Bxf3 10. Rxf3 Nc7 11. Bc4 a6 12. a4 b6 13. Qd3 Qc8 14. Rb1 Rb8 15.
Be3 Nd7 16. b4 cxb4 17. Rxb4 Nc5 18. Bxc5 bxc5 19. Rb3 Qd7 20. e5 dxe5 21. Ne4
exf4 22. Nxc5 Qd6 23. Nxa6 Nxa6 24. Bxa6 Rb4 25. Rxb4 Qxb4 26. Bb5 Bd4+ 27. Kh1
Be3 28. Rf1 Rd8 29. c4 e5 30. Rd1 Qd6 31. a5 f5 32. a6 e4 33. Qe2 Ba7 34. Qb2
g5 35. Rc1 g4 36. c5 Bxc5 37. a7 Bxa7 38. Rc6 Qxd5 39. hxg4 Qd4 0-1

[Event "XVIII Torneo Int. "]
[Site "Navalmoral de la Mata"]
[Date "2012.12.09"]
[Round "8"]
[White "Ibarra Jerez, Jose Carlos"]
[Black "Perez Candelario, Manuel"]
[Result "1/2-1/2"]
[WhiteElo "2535"]
[BlackElo "2568"]
[PlyCount "64"]
[EventDate "2012.12.05"]
[EventRounds "9"]
[EventCountry "ESP"]

1. d4 d5 2. Nc3 Nf6 3. Bf4 c6 4. e3 Qb6 5. Rb1 Bf5 6. Nf3 e6 7. Bd3 Bxd3 8.
cxd3 a5 9. O-O Be7 10. Na4 Qb5 11. Qc2 Nbd7 12. Rfc1 Nh5 13. Bg5 Bxg5 14. Nxg5
h6 15. Nf3 Nhf6 16. a3 O-O 17. Nc3 Qa6 18. b4 axb4 19. axb4 Rfc8 20. Qd1 b6 21.
g3 Qb7 22. Ra1 Rxa1 23. Rxa1 Ra8 24. Ra4 Ne8 25. Qa1 Nc7 26. Ne1 Ra6 27. Kf1
Qa8 28. Rxa6 Qxa6 29. Qxa6 Nxa6 30. Nc2 Kf8 31. Ke2 Ke7 32. e4 Nc7 1/2-1/2

[Event "XVIII Torneo Int. "]
[Site "Navalmoral de la Mata"]
[Date "2012.12.09"]
[Round "8"]
[White "Anton Guijarro, David"]
[Black "Aloma Vidal, Robert"]
[Result "1-0"]
[WhiteElo "2558"]
[BlackElo "2402"]
[PlyCount "107"]
[EventDate "2012.12.05"]
[EventRounds "9"]
[EventCountry "ESP"]

1. e4 c5 2. Nf3 e6 3. d4 cxd4 4. Nxd4 a6 5. Bd3 Bc5 6. Nb3 Ba7 7. O-O Nc6 8.
Qe2 Nge7 9. c4 d6 10. Be3 e5 11. Bxa7 Rxa7 12. Nc3 Be6 13. Rad1 O-O 14. Qe3 Qb8
15. a4 Rc8 16. Nd5 Bxd5 17. cxd5 Nb4 18. Qb6 Nxd3 19. Rxd3 Ra8 20. Na5 Qc7 21.
Rb3 Rab8 22. g3 f5 23. f3 Qd7 24. Rc3 Rxc3 25. bxc3 Nc8 26. Qb4 fxe4 27. fxe4
Qc7 28. Kg2 Na7 29. Nc4 Rd8 30. Qb6 Qxb6 31. Nxb6 Nc8 32. Nc4 Rd7 33. Rb1 Rc7
34. Na5 Rxc3 35. Rxb7 h5 36. Nc6 Rc2+ 37. Kf3 Rc3+ 38. Ke2 Rc4 39. Kd3 Rxa4 40.
Rb8 Ra3+ 41. Ke2 Ra2+ 42. Kf3 Ra3+ 43. Kg2 Ra2+ 44. Kh3 g5 45. Rxc8+ Kf7 46.
Rd8 Re2 47. Rxd6 Rxe4 48. Re6 Re2 49. Nxe5+ Kg7 50. d6 g4+ 51. Kh4 Rxh2+ 52.
Kg5 h4 53. Re7+ Kf8 54. Kg6 1-0

[Event "XVIII Torneo Int. "]
[Site "Navalmoral de la Mata"]
[Date "2012.12.09"]
[Round "8"]
[White "Moreno Tejera, Emilio"]
[Black "Narciso Dublan, Marc"]
[Result "1/2-1/2"]
[WhiteElo "2386"]
[BlackElo "2551"]
[PlyCount "161"]
[EventDate "2012.12.05"]
[EventRounds "9"]
[EventCountry "ESP"]

1. e4 e6 2. d4 d5 3. Nc3 Nf6 4. e5 Nfd7 5. f4 c5 6. Nf3 Nc6 7. Be3 cxd4 8. Nxd4
Bc5 9. Qd2 O-O 10. O-O-O a6 11. Qf2 Nxd4 12. Bxd4 b6 13. g3 Qc7 14. Kb1 b5 15.
Bd3 b4 16. Na4 Bxd4 17. Qxd4 a5 18. Rc1 Ba6 19. c4 Qa7 20. Qxa7 Rxa7 21. Rhd1
Bb7 22. cxd5 Bxd5 23. Bb5 Rb8 24. Bc6 Bxc6 25. Rxc6 Kf8 26. b3 g5 27. Rdc1 Kg7
28. Rd6 gxf4 29. gxf4 Nf8 30. f5 exf5 31. Rf6 Ng6 32. Rxf5 Re8 33. Rc5 Rae7 34.
Rxa5 Nxe5 35. Rd5 Nc6 36. Rd2 Re1+ 37. Kb2 R8e2 38. Rf2 Rxf2 39. Rxf2 Ne5 40.
Rg2+ Kh6 41. a3 Nd3+ 42. Kc2 Re3 43. Kd2 Rh3 44. axb4 Nxb4 45. Nc5 f5 46. Ne6
Rxb3 47. Rg3 Rxg3 48. hxg3 Kh5 49. Ke3 Kg4 50. Kf2 Nd5 51. Nf8 Nf6 52. Kg2 h5
53. Ng6 Nd7 54. Kf2 Nc5 55. Kg2 Nd3 56. Ne7 Ne1+ 57. Kf2 Nd3+ 58. Kg2 Ne1+ 59.
Kf2 Nc2 60. Ng6 Nd4 61. Kg2 Nc6 62. Nf8 Ne7 63. Nd7 Nc6 64. Nf6+ Kg5 65. Nd5
Ne5 66. Kh3 Nd3 67. Kg2 Nc5 68. Kf3 Ne4 69. Nf4 Nd2+ 70. Kg2 Kg4 71. Nd5 Ne4
72. Ne3+ Kg5 73. Nd5 Nf6 74. Nf4 Kg4 75. Nd3 Nd5 76. Ne5+ Kg5 77. Kf3 Kf6 78.
Nd7+ Ke6 79. Nc5+ Ke5 80. Nd3+ Kf6 81. Nc5 1/2-1/2

[Event "XVIII Torneo Int. "]
[Site "Navalmoral de la Mata"]
[Date "2012.12.09"]
[Round "8"]
[White "Del Rio De Angelis, Salvador G"]
[Black "Almagro Mazariegos, Sebastian"]
[Result "1/2-1/2"]
[WhiteElo "2485"]
[BlackElo "2306"]
[PlyCount "94"]
[EventDate "2012.12.05"]
[EventRounds "9"]
[EventCountry "ESP"]

1. d4 Nf6 2. c4 g6 3. Nc3 Bg7 4. e4 d6 5. f3 O-O 6. Be3 Nbd7 7. Qd2 c5 8. Nge2
cxd4 9. Nxd4 Nc5 10. Be2 Bd7 11. O-O a5 12. Rfd1 Ne8 13. Ndb5 Bxb5 14. Nxb5 Nc7
15. Nc3 N7e6 16. b3 f5 17. exf5 gxf5 18. Rac1 f4 19. Bf2 Kh8 20. Bf1 Be5 21.
Re1 Rf5 22. Nb5 Rh5 23. Rb1 Qf8 24. a3 Qh6 25. h4 Rg8 26. Rxe5 dxe5 27. Qc3 Nd7
28. Be1 Rg3 29. Rd1 Nf6 30. Qxa5 Rxh4 31. Qa8+ Rg8 32. Qxb7 Rh1+ 33. Kf2 Rxf1+
34. Kxf1 Qh1+ 35. Ke2 Qxg2+ 36. Bf2 e4 37. Qxe7 Qxf3+ 38. Kd2 e3+ 39. Kc1 exf2
40. Qxf6+ Ng7 41. Nd6 Qxd1+ 42. Kxd1 f1=Q+ 43. Kc2 Qf2+ 44. Kc3 Qe3+ 45. Kc2
Qf2+ 46. Kc1 Qe3+ 47. Kc2 Qf2+ 1/2-1/2

[Event "XVIII Torneo Int. "]
[Site "Navalmoral de la Mata"]
[Date "2012.12.09"]
[Round "8"]
[White "Pogorelov, Ruslan"]
[Black "Santos, Antonio P"]
[Result "1-0"]
[WhiteElo "2408"]
[BlackElo "2241"]
[PlyCount "35"]
[EventDate "2012.12.05"]
[EventRounds "9"]
[EventCountry "ESP"]

1. Nf3 c5 2. c4 Nf6 3. Nc3 e6 4. g3 b6 5. Bg2 Bb7 6. O-O Be7 7. Re1 O-O 8. e4
d6 9. d4 cxd4 10. Nxd4 Qc8 11. Be3 Nbd7 12. f4 Rd8 13. Rc1 Bf8 14. Qe2 Re8 15.
Nb3 Nc5 16. Nd2 a5 17. b3 Bc6 18. Bf2 {(Ilegible)} 1-0

[Event "XVIII Torneo Int. "]
[Site "Navalmoral de la Mata"]
[Date "2012.12.09"]
[Round "8"]
[White "Cabezas Ayala, Ivan"]
[Black "Nabaty, Tamir"]
[Result "0-1"]
[WhiteElo "2315"]
[BlackElo "2569"]
[PlyCount "58"]
[EventDate "2012.12.05"]
[EventRounds "9"]
[EventCountry "ESP"]

1. e4 c5 2. Nf3 Nc6 3. Nc3 d6 4. d4 cxd4 5. Nxd4 Nf6 6. Bg5 e6 7. Qd2 a6 8.
O-O-O Bd7 9. f4 Be7 10. Be2 Qc7 11. Bxf6 Bxf6 12. Ndb5 axb5 13. Nxb5 Qd8 14.
Nxd6+ Kf8 15. a3 Bc8 16. e5 Be7 17. Qe3 Bxd6 18. Rxd6 Qe7 19. Rhd1 g6 20. f5
exf5 21. Qh6+ Kg8 22. Bc4 Ra4 23. Bb5 Rh4 24. Qd2 Kg7 25. Bxc6 bxc6 26. Qc3 Be6
27. Rxc6 Rxh2 28. Rc7 Qg5+ 29. Kb1 Rd8 0-1

[Event "XVIII Torneo Int. "]
[Site "Navalmoral de la Mata"]
[Date "2012.12.09"]
[Round "9"]
[White "Matamoros Franco, Carlos S"]
[Black "Nikolov, Momchil"]
[Result "1-0"]
[WhiteElo "2519"]
[BlackElo "2542"]
[PlyCount "20"]
[EventDate "2012.12.05"]
[EventRounds "9"]
[EventCountry "ESP"]

1. Nf3 Nf6 2. c4 b6 3. g3 Bb7 4. Bg2 e6 5. O-O Be7 6. d4 O-O 7. Re1 c5 8. d5
exd5 9. Nh4 Ne4 10. cxd5 Bxh4 1-0

[Event "XVIII Torneo Int. "]
[Site "Navalmoral de la Mata"]
[Date "2012.12.09"]
[Round "9"]
[White "Epishin, Vladimir"]
[Black "Anton Guijarro, David"]
[Result "1-0"]
[WhiteElo "2575"]
[BlackElo "2558"]
[PlyCount "54"]
[EventDate "2012.12.05"]
[EventRounds "9"]
[EventCountry "ESP"]

1. d4 Nf6 2. Nf3 g6 3. c3 Bg7 4. Bf4 O-O 5. e3 d6 6. h3 c5 7. Nbd2 Nc6 8. Be2
cxd4 9. cxd4 Be6 10. O-O h6 11. Qa4 a6 12. Rac1 Qd7 13. Qd1 g5 14. Bg3 Rfc8 15.
a3 b5 16. Bd3 Na5 17. e4 Qa7 18. e5 dxe5 19. Bxe5 Nc6 20. Nb3 Bxb3 21. Qxb3 e6
22. Bxf6 Bxf6 23. Be4 Nxd4 24. Nxd4 Bxd4 25. Bxa8 Bxf2+ 26. Kh1 Rxa8 27. a4
bxa4 {(Ilegible)} 1-0

[Event "XVIII Torneo Int. "]
[Site "Navalmoral de la Mata"]
[Date "2012.12.09"]
[Round "9"]
[White "Pogorelov, Ruslan"]
[Black "Ibarra Jerez, Jose Carlos"]
[Result "1/2-1/2"]
[WhiteElo "2408"]
[BlackElo "2535"]
[PlyCount "40"]
[EventDate "2012.12.05"]
[EventRounds "9"]
[EventCountry "ESP"]

1. Nf3 d5 2. d4 Nf6 3. c4 e6 4. Nc3 c6 5. e3 a6 6. b3 Bb4 7. Bd2 O-O 8. Qc2
Nbd7 9. Bd3 Bd6 10. O-O e5 11. cxd5 cxd5 12. e4 exd4 13. Nxd5 Nxd5 14. exd5 Nf6
15. h3 Bd7 16. Rad1 Rc8 17. Qb1 Rc5 18. Nxd4 Rxd5 19. Be3 Bb8 20. Nf3 Bc6 {
(Ilegible)} 1/2-1/2

[Event "XVIII Torneo Int. "]
[Site "Navalmoral de la Mata"]
[Date "2012.12.09"]
[Round "9"]
[White "Nabaty, Tamir"]
[Black "Moreno Tejera, Emilio"]
[Result "1-0"]
[WhiteElo "2569"]
[BlackElo "2386"]
[PlyCount "81"]
[EventDate "2012.12.05"]
[EventRounds "9"]
[EventCountry "ESP"]

1. e4 c5 2. Nf3 d6 3. d4 cxd4 4. Nxd4 Nf6 5. Nc3 Nc6 6. Bc4 Qb6 7. Nb3 e6 8. a4
Be7 9. a5 Qc7 10. Bf4 Ne5 11. Be2 O-O 12. O-O Bd7 13. Qd4 Rfd8 14. Bg3 Bc6 15.
h3 Ng6 16. Rfd1 e5 17. Qc4 Rac8 18. Bf3 a6 19. Nc1 Rd7 20. Nd3 Qd8 21. Qb3 Qe8
22. Nb4 Rdc7 23. Rd2 Bd7 24. Ncd5 Nxd5 25. Nxd5 Rc5 26. Nxe7+ Nxe7 27. Rxd6 Rb5
28. Qd3 Be6 29. b4 Rxb4 30. Bxe5 Ng6 31. Bg3 Rbc4 32. Rb1 Rxc2 33. Rxb7 Rc1+
34. Kh2 h6 35. Bh5 Nf8 36. Rxe6 Qxe6 37. Bxf7+ Qxf7 38. Rxf7 Kxf7 39. Qxa6 Rd8
40. Be5 Ne6 41. Qb7+ 1-0

[Event "XVIII Torneo Int. "]
[Site "Navalmoral de la Mata"]
[Date "2012.12.09"]
[Round "9"]
[White "Perez Candelario, Manuel"]
[Black "Ribeiro, Jose"]
[Result "1-0"]
[WhiteElo "2568"]
[BlackElo "2085"]
[PlyCount "73"]
[EventDate "2012.12.05"]
[EventRounds "9"]
[EventCountry "ESP"]

1. e4 c5 2. Ne2 e6 3. d4 cxd4 4. Nxd4 Qb6 5. Nb3 Qc7 6. Bd3 Nf6 7. O-O d6 8. c4
Be7 9. Nc3 a6 10. f4 Nbd7 11. Be3 h5 12. Be2 Ng4 13. Bxg4 hxg4 14. Qxg4 Nf6 15.
Qe2 Bd7 16. Rac1 Rh4 17. h3 Bc6 18. Nd2 Qa5 19. a3 Qh5 20. Qxh5 Rxh5 21. b4 b5
22. c5 dxc5 23. e5 Nd7 24. bxc5 g5 25. Nce4 gxf4 26. Bxf4 O-O-O 27. Nd6+ Kb8
28. Nf3 Rg8 29. Rc2 Rxh3 30. Nd4 Bd5 31. c6 Rc3 32. Rxc3 Rxg2+ 33. Kh1 Rf2+ 34.
Nf3 Rxf3 35. c7+ Ka7 36. Rcxf3 Bxf3+ 37. Rxf3 1-0